Star Trek Casts Quiz Stats

 Plays Quiz Updated Oct 12, 2017

Also try: Star Trek Races
Challenge
Share
Tweet
Embed
Score 0/54 Timer 06:00
2 Plays Today
Show Actor / Actress % Correct
Star Trek: The Original SeriesWilliam Shatner
95%
Star Trek: The Original SeriesLeonard Nimoy
91.5%
Next GenerationPatrick Stewart
82.8%
Star Trek: The Original SeriesGeorge Takei
67.7%
Next GenerationBrent Spiner
65.8%
Next GenerationWhoopi Goldberg
65.2%
Next GenerationWil Wheaton
62.6%
Star Trek: The Original SeriesDeforest Kelley
62.5%
Next GenerationLeVar Burton
61.7%
Next GenerationJonathan Frakes
60.8%
Next GenerationMichael Dorn
60.2%
Deep Space NineMichael Dorn
59.9%
Star Trek: The Original SeriesNichelle Nichols
55.4%
Next GenerationGates McFadden
50.7%
Star Trek: The Original SeriesMajel Barrett
50.5%
Next GenerationMajel Barrett
50.5%
Next GenerationMarina Sirtis
49.2%
Star Trek: The Original SeriesJames Doohan
48.2%
EnterpriseScott Bakula
42%
Next GenerationColm Meaney
41.2%
Deep Space NineColm Meaney
41%
Star Trek: The Original SeriesWalter Koenig
40.5%
VoyagerKate Mulgrew
38.7%
Next GenerationDenise Crosby
37.9%
VoyagerJeri Ryan
37.7%
Deep Space NineAvery Brooks
34.7%
Deep Space NineNana Visitor
32%
Show Actor / Actress % Correct
VoyagerRobert Picardo
30.4%
Deep Space NineAlexander Siddig
29.8%
Deep Space NineRene Auberjonois
28.5%
Deep Space NineTerry Farrell
27.2%
Deep Space NineArmin Shimerman
26.5%
DiscoveryJason Isaacs
26.4%
VoyagerTim Russ
25.8%
DiscoveryDoug Jones
24.7%
VoyagerRobert Beltran
23.4%
DiscoverySonequa Martin-Green
22.9%
Next GenerationMichelle Forbes
21.7%
VoyagerRoxann Dawson
21.6%
VoyagerGarrett Wang
21.4%
Deep Space NineCirroc Lofton
19.8%
VoyagerRobert Duncan McNeill
17.9%
VoyagerEthan Phillips
17.7%
EnterpriseJolene Blalock
16.7%
VoyagerJennifer Lien
16.5%
Deep Space NineNicole de Boer
15.6%
DiscoveryAnthony Rapp
15.1%
EnterpriseLinda Park
13.9%
EnterpriseConnor Trinneer
11.2%
EnterpriseJohn Billingsley
10.9%
DiscoveryMary Wiseman
10.5%
EnterpriseAnthony Montgomery
10.3%
DiscoveryShazad Latif
10%
EnterpriseDominic Keating
9%

You're not logged in!

Compare scores with friends on all Sporcle quizzes.
Join for Free
OR
Log In

You Might Also Like...

Show Comments

Extras

Top Quizzes Today


Score Distribution

Your Account Isn't Verified!

In order to create a playlist on Sporcle, you need to verify the email address you used during registration. Go to your Sporcle Settings to finish the process.

Report this User

Report this user for behavior that violates our Community Guidelines.

Details: